América Latina: descomposición y persistencia de lo campesino /
El debate económico y político en el marco de las crecientes preocupaciones que los problemas del agro latinoamericano vienen generando han llevado a un nuevo relevo en las perspectivas de una nueva economía campesina. Con el presente trabajo se intenta contribuir a esa discusión, para lo cual se em...
Gorde:
| Egile nagusia: | |
|---|---|
| Formatua: | Texto |
| Gaiak: | |
| Etiketak: |
Etiketa erantsi
Etiketarik gabe, Izan zaitez lehena erregistro honi etiketa jartzen!
|
MARC
| LEADER | 00000 a a2200000 04500 | ||
|---|---|---|---|
| 001 | 42471 | ||
| 003 | |||
| 040 | |||
| 100 | |a Figueroa, Victor Manuel | ||
| 245 | |a América Latina: |b descomposición y persistencia de lo campesino / |c Victor Manuel Figueroa | ||
| 520 | |a El debate económico y político en el marco de las crecientes preocupaciones que los problemas del agro latinoamericano vienen generando han llevado a un nuevo relevo en las perspectivas de una nueva economía campesina. Con el presente trabajo se intenta contribuir a esa discusión, para lo cual se emprende las siguientes tareas: a) dilucidar el concepto de lo campesino y sus relaciones económicas con el medio capitalista; b) definir las tendencias que apuntan a la trasmutación social de la economía campesina, y c) determianr el papel de las políticas neoliberales en los deslizamientos en la estreuctura social del campo, en particular, la desarticulación y persistencia del mundo campesino. | ||
| 650 | |a CAMPESINADO | ||
| 650 | |a CAPITALISMO | ||
| 650 | |a MODOS DE PRODUCCION | ||
| 650 | |a NEOLIBERALISMO | ||
| 650 | |a MEXICO | ||
| 650 | |a AMERICA LATINA | ||
| 650 | |a PRODUCCION | ||
| 773 | |g volumen36, número142 ( , 2005), páginas 27-50 | ||
| 999 | |c 30573 |d 30573 | ||
